000 01203nam a22002777a 4500
005 20170427131654.0
008 170427b mx ||||| |||| 00| 0 spa d
020 _a9786074019131
050 0 4 _aJV7408
_bD53 2014
100 1 _aDíaz Prieto, Gabriela.
245 1 0 _aUn viaje sin rastros
_b: mujeres migrantes que transitan por México en situación irregular
_c/ Gabriela Díaz Prieto, Gretchen Kuhner.
250 _a1a ed.
260 _aMéxico, D.F. :
_b Consejo Editorial, Estados Unidos Mexicanos, LXII Legislatura, Cámara de Diputados
260 _bInstituto para las Mujeres en la Migración
260 _bTipografía 4a. Editores,
_c2014.
300 _a148 p. ;
_c23 cm.
504 _aBibliografía : p. 131-148.
650 4 _aMujeres inmigrantes
_xCondiciones sociales
_zMéxico
650 7 _2lemb
_aCentroamericanos
_xCondiciones sociales
_zMéxico
650 4 _aExtranjeros ilegales
_xCondiciones sociales
_zMéxico
650 4 _aMujeres inmigrantes
_xDerechos civiles
_zMéxico
651 4 _aMéxico
_xEmigración e inmigración
_xAspectos sociales
651 4 _aCentroamerica
_xEmigración e inmigración
_xAspectos sociales
700 1 _aKuhner, Gretchen,
_eautor
942 _2lcc
_cLIB
999 _c132639
_d132639